000 00401 a2200109 4500
001 ART_23126
005 20260410161929.0
008 260409a
245 1 0 _aProyecto de seguro agricola para la provincia de mendoza
100 1 _aToranzos, Fausto I.
773 0 _tRevista de la Facultad de Ciencias Económicas de la Universidad de Cuyo
_g- Año I, Nº 3 (ago./dic. 1949)
_wREV22981
999 _c28397
_d28397